Regions of Ancient Greece - Statistics

General Stats
  • This quiz has been taken 986 times
  • The average score is 13 of 32
Answers on the Map
Answers color-coded by a green-red scale on the quiz's map according to % correct below.
 
Answer Stats
Answer % Correct
Attica
96%
Laconia
93%
Crete
92%
Dodecanese
70%
Corinthia
67%
Ionia
67%
Sporades
64%
Boeotia
60%
Epirus
58%
Cyclades
57%
Argolis
55%
Euboea
55%
Thessaly
46%
Arcadia
41%
Achaea
39%
Phocis
39%
Heptanese
37%
Megaris
33%
Elis
29%
Messenia
27%
Aetolia
19%
Locris
19%
Oetaea
19%
Chalcidice
15%
Acarnania
13%
Magnesia
13%
Doris
12%
Malis
11%
Dolopia
6%
Cynuria
3%
Phthian Achaea
3%
Aenis
2%
No matching quizzes found
Score Distribution
Percent of People with Each Score
Percentile by Number Answered
Your Score History
You have not taken this quiz